Subcategory Sort: Disney, James Bond, or Star Wars Quiz Stats

 Plays Quiz Updated Apr 15, 2019

Score 0/45 Timer 05:00
16 Plays Today
% Correct
Captain Hook
88.5%
The Empire Strikes Back
88.1%
Die Another Day
87.6%
The Lion King
87.4%
Darth Vader
87.3%
From Russia With Love
87%
The Force Awakens
85.9%
A New Hope
85%
Fantasia
84.1%
The Phantom Menace
84.1%
Wonderland
83.9%
The World Is Not Enough
83.4%
Revenge of the Sith
83.3%
Monte Carlo
82.9%
GoldenEye
82.6%
The Sword in the Stone
82.2%
Ursula
81.2%
Boba Fett
80%
Tatooine
80%
Death Star
79.7%
The Rescuers
79.7%
Pride Lands
79.2%
Mount Olympus
79%
% Correct
Moana
78.4%
Naboo
78%
Fort Knox
76.9%
Beirut
76.8%
Count Dooku
76.1%
Moonraker
75.9%
Gibraltar
75.1%
Hoth
74.6%
Kylo Ren
74.3%
Emperor Palpatine
74.2%
Prince Hans
73.8%
Ernst Stavro Blofeld
73%
San Fransokyo
69.5%
Coruscant
67.4%
General Orlov
66.8%
Emilio Largo
65.7%
Tangier
64.4%
Elliot Carver
60.6%
Judge Claude Frollo
57.4%
Brad Whitaker
51.4%
Montressor
39.4%
Dawn Bellwether
36.4%

You're not logged in!

Compare scores with friends on all Sporcle quizzes.
OR
Log In

Sporcle TV

Today on Sporcle TV


Watch our educational content, quiz creation guides, and fun videos on Sporcle TV.

Show Comments

Extras

Top Quizzes Today


Score Distribution

Your Account Isn't Verified!

In order to create a playlist on Sporcle, you need to verify the email address you used during registration. Go to your Sporcle Settings to finish the process.

Report this User

Report this user for behavior that violates our Community Guidelines.

Details: